Central Library and Information Centre
Sibsagar Girls' College, Sivasagar : Assam

SAHITYAR PATABHUMI (Record no. 9017)

MARC details
000 -LEADER
fixed length control field 00428cam a2200181ua 4500
008 - FIXED-LENGTH DATA ELEMENTS--GENERAL INFORMATION
fixed length control field 160226n II |||gr||||Z||||||asm
040 ## - CATALOGING SOURCE
Original cataloging agency MAIN
041 ## - LANGUAGE CODE
-- English
082 ## - DEWEY DECIMAL CLASSIFICATION NUMBER
Classification number 891.451 KAT
100 ## - MAIN ENTRY--PERSONAL NAME
Personal name BARKATAKY BIREN.
245 ## - TITLE STATEMENT
Title SAHITYAR PATABHUMI
260 ## - PUBLICATION, DISTRIBUTION, ETC.
Place of publication, distribution, etc. GUWAHATI
Name of publisher, distributor, etc. ASSAM BOOK DEPOT
300 ## - PHYSICAL DESCRIPTION
Extent 208:
Dimensions 20CM.
700 ## - ADDED ENTRY--PERSONAL NAME
Personal name BARKATAKY BIREN.,
Relator term Author.
942 ## - ADDED ENTRY ELEMENTS (KOHA)
Koha item type Books
653 ## - INDEX TERM--UNCONTROLLED
Uncontrolled term Asomiya Sahitya
Holdings
Withdrawn status Lost status Damaged status Not for loan Collection code Home library Current library Shelving location Date acquired Full call number Barcode Date last seen Copy number Price effective from Koha item type
        TBASM Central Library and Information Centre Sibsagar Girls College Central Library and Information Centre Sibsagar Girls College   04.02.1984 891.451 KAT 08226 27.02.2020 1 27.02.2020 Books
        TBASM Central Library and Information Centre Sibsagar Girls College Central Library and Information Centre Sibsagar Girls College   04.02.1984 891.451 KAT 08227 27.02.2020 3 27.02.2020 Books
        TBASM Central Library and Information Centre Sibsagar Girls College Central Library and Information Centre Sibsagar Girls College   04.02.1984 891.451 KAT 08228 27.02.2020 4 27.02.2020 Books
        TBASM Central Library and Information Centre Sibsagar Girls College Central Library and Information Centre Sibsagar Girls College   04.02.1984 891.451 KAT 08229 27.02.2020 5 27.02.2020 Books
        TBASM Central Library and Information Centre Sibsagar Girls College Central Library and Information Centre Sibsagar Girls College   04.02.1984 891.451 KAT 08230 27.02.2020 6 27.02.2020 Books
        REFASM Central Library and Information Centre Sibsagar Girls College Central Library and Information Centre Sibsagar Girls College   27.02.2020 891.451 KAT 8227 27.02.2020 2 27.02.2020 Books


Sibsagar Girl's College © 2020. All rights reserved.
Powered by Koha.
Maintained by Abhijit Borpuzari.